000 00553nam a22002051a 4500
001 2551
003 OSt
005 20260204211816.0
008 040311s2000||||sp ||||||b||||||||||spa||
020 _a8431318198
050 _a371.97 E83c
082 _a371.97 E83c
245 _aLa educación civica hoy: una aproximación interdisciplinar / Concepcion Naval
264 _aEspaña : EUNSA
300 _a340 p.
500 _aIncluye indice
650 _a1.Educación Cívica
700 _aNaval, Concepción II. Laspalas, JavierÌ
942 _2ddc
_cBK
999 _c2551
_d2551